| 000 | 00611nam a2200217 a 4500 | ||
|---|---|---|---|
| 001 | BRCA_8179 | ||
| 005 | 20190320210150.0 | ||
| 008 | 070514s1960----u--ad##f##---#001-0#eng-# | ||
| 041 | _aeng | ||
| 044 | _au | ||
| 050 | 4 |
_aHG2714 _b.M49 _c1960 |
|
| 110 | 2 |
_aFirst National City Bank _920382 |
|
| 245 | 1 | 0 |
_aMexico _btoday and tomorrow _cFirst National City Bank. |
| 260 |
_aEstados Unidos _bFNCB _c1960 |
||
| 300 |
_a32 p. _bil., fot., gráficas _c23 cm. |
||
| 500 | _aX83 | ||
| 651 | 4 |
_aMéxico _vBalances financieros _920383 |
|
| 651 | 4 |
_aMéxico _vProgreso económico _920384 |
|
| 902 | _aGFM | ||
| 942 |
_2lcc _cB |
||
| 999 |
_c7847 _d7847 |
||